[Event "Challenge"]
[Site "http://www.queenalice.com/game.php?id=507709"]
[Date "2008.12.14"]
[Round "-"]
[White "luongo_00001"]
[Black "paddymalonespub"]
[Result "0-1"]
[WhiteElo "1310"]
[BlackElo "1667"]

1. e4 e5 2. Nf3 d6 3. d4 exd4 4. Nxd4 Nf6 5. Nc3 Be6 6. b3 d5 7. e5 Ne4 8. Nxe4
dxe4 9. Bf4 Bb4+ 10. Ke2 Bc3 11. Rc1 Bxd4 12. c4 Nc6 13. h3 O-O 14. g4 Bxe5 15.
Bxe5 Nxe5 16. Bg2 Qxd1+ 17. Rcxd1 Rad8 18. Bxe4 c6 19. f4 f5 20. gxf5 Bxf5 21.
Bxf5 Rxd1 22. Be6+ Nf7 23. Rxd1 g6 24. Rd7 Re8 25. Kf3 Rxe6 26. Rxb7 a5 27. Ra7
Re1 28. Rxa5 Kg7 29. Ra6 Ra1 30. a4 c5 31. Ra5 Rf1+ 0-1

[Event "Challenge"]
[Site "http://www.queenalice.com/game.php?id=507715"]
[Date "2008.12.14"]
[Round "-"]
[White "luongo_00001"]
[Black "pmq"]
[Result "0-1"]
[WhiteElo "1321"]
[BlackElo "1457"]

1. e4 e5 2. Nf3 d6 3. d4 d5 4. Nxe5 dxe4 5. Nc3 Nf6 6. Bg5 Bb4 7. Qd2 h6 8. Bf4
Nc6 9. Bb5 Bd7 10. Bc4 Nxe5 11. Bxe5 O-O 12. Bxf6 Qxf6 13. O-O-O Bg4 0-1

[Event "AUTO-INT-1134"]
[Site "http://www.queenalice.com/game.php?id=507739"]
[Date "2008.12.14"]
[Round "1"]
[White "Denny"]
[Black "luongo_00001"]
[Result "1-0"]
[WhiteElo "1416"]
[BlackElo "1289"]

1. e4 Nf6 2. Bc4 d5 3. Bb5+ c6 4. Ba4 Nxe4 5. d3 Nf6 6. Nf3 Bg4 7. h3 Bxf3 8.
Qxf3 e6 9. Bf4 Nbd7 10. O-O Nc5 11. Bb3 Bd6 12. Bxd6 Qxd6 13. d4 1-0

[Event "AUTO-INT-1134"]
[Site "http://www.queenalice.com/game.php?id=507740"]
[Date "2008.12.14"]
[Round "1"]
[White "luongo_00001"]
[Black "Denny"]
[Result "0-1"]
[WhiteElo "1301"]
[BlackElo "1404"]

1. e4 e5 2. Nf3 d6 3. d4 exd4 4. Nxd4 Nc6 5. Nxc6 bxc6 6. Nc3 Nf6 7. Bg5 h6 8.
Bxf6 Qxf6 9. Bc4 Rb8 10. b3 d5 11. Nxd5 cxd5 12. Bxd5 c6 13. Bxc6+ Qxc6 14. Qd3
Qc7 0-1

[Event "AUTO-INT-1134"]
[Site "http://www.queenalice.com/game.php?id=507755"]
[Date "2008.12.14"]
[Round "1"]
[White "luongo_00001"]
[Black "J_Ricardo"]
[Result "1-0"]
[WhiteElo "1300"]
[BlackElo "1545"]

1. e4 e5 2. Nf3 d6 3. d4 Bg4 4. Be2 c6 5. dxe5 Be7 6. exd6 Bxd6 7. e5 Bxe5 8.
Qxd8+ Kxd8 9. Nxe5 Bxe2 10. Nxf7+ Ke8 11. Nxh8 Bc4 12. b3 Bd5 13. Bb2 g6 14. O-O
Nd7 15. Nd2 Ne7 16. Rfe1 Nf6 17. Bxf6 Kd7 18. Rxe7+ Kd6 19. Nf7+ Kc5 20. Rxb7
Rf8 21. Be7+ Kd4 22. Bxf8 Kc3 23. Nf3 Bxf7 24. Rc1 Kb2 25. Bh6 Kxa2 26. Bg7 Ka3
27. Ra1# 1-0

[Event "AUTO-INT-1134"]
[Site "http://www.queenalice.com/game.php?id=507756"]
[Date "2008.12.14"]
[Round "1"]
[White "J_Ricardo"]
[Black "luongo_00001"]
[Result "1-0"]
[WhiteElo "1572"]
[BlackElo "1278"]

1. e4 Nf6 2. d3 e5 3. c3 Nc6 4. d4 Nxe4 5. Qf3 d5 6. Nh3 exd4 7. cxd4 Nxd4 8.
Qd1 Bb4+ 9. Nd2 Qh4 10. a3 Bxd2+ 11. Bxd2 Nxd2 12. Qxd2 Bxh3 13. gxh3 Nf3+ 14.
Ke2 Nxd2 15. Kxd2 Qd4+ 16. Bd3 Qxf2+ 17. Be2 O-O-O 18. Rhf1 Qxh2 19. Rxf7 g5 20.
Kd3 Qxh3+ 21. Kd2 h5 22. Rc1 c6 23. Rc3 Qg2 24. Rcf3 g4 25. Rf2 Qe4 26. Bd3 Qe6
27. Bf5 Kb8 28. Bxe6 g3 29. Rg2 h4 30. Bg4 1-0

[Event "AUTO-OPEN-1368"]
[Site "http://www.queenalice.com/game.php?id=508043"]
[Date "2008.12.15"]
[Round "1"]
[White "marcoswerneck"]
[Black "luongo_00001"]
[Result "1-0"]
[WhiteElo "1812"]
[BlackElo "1331"]

1. g3 d5 2. Bg2 Nf6 3. d3 e5 4. a3 Nc6 5. c3 Bg4 6. h3 Bh5 7. Be3 b6 8. Qa4 Qd6
9. c4 Nd7 10. Bxd5 Rd8 11. Bxc6 Be7 12. Bg2 O-O 13. Qxa7 Nc5 14. Bxc5 Qxc5 15.
Nd2 1-0

[Event "AUTO-OPEN-1368"]
[Site "http://www.queenalice.com/game.php?id=508044"]
[Date "2008.12.15"]
[Round "1"]
[White "luongo_00001"]
[Black "marcoswerneck"]
[Result "0-1"]
[WhiteElo "1329"]
[BlackElo "1816"]

1. e4 e5 2. Nf3 d6 3. d4 h6 4. Bc4 Nc6 5. c3 Nf6 6. Qd3 a6 7. O-O Na5 8. Nbd2
Nxc4 9. Nxc4 b6 10. d5 Be7 11. Be3 Bg4 12. Nfxe5 dxe5 13. Nxe5 Bh5 14. f3 O-O
0-1

[Event "AUTO-OPEN-1368"]
[Site "http://www.queenalice.com/game.php?id=508063"]
[Date "2008.12.15"]
[Round "1"]
[White "shimon"]
[Black "luongo_00001"]
[Result "1-0"]
[WhiteElo "1508"]
[BlackElo "1267"]

1. e4 Nf6 2. e5 Nd5 3. d4 d6 4. Bc4 Nb6 5. Be2 dxe5 6. dxe5 Qxd1+ 7. Bxd1 Nc6 8.
Nf3 e6 9. Be3 Bb4+ 10. c3 Be7 11. Bxb6 axb6 12. O-O f6 13. exf6 Bxf6 14. Na3 O-O
15. Bc2 Kh8 16. Nb5 Rf7 17. a3 Bd7 18. Nxc7 1-0

[Event "AUTO-OPEN-1368"]
[Site "http://www.queenalice.com/game.php?id=508064"]
[Date "2008.12.15"]
[Round "1"]
[White "luongo_00001"]
[Black "shimon"]
[Result "0-1"]
[WhiteElo "1261"]
[BlackElo "1532"]

1. e4 e5 2. Nf3 d6 3. d4 f6 4. dxe5 fxe5 5. Nc3 Bg4 6. Be2 Nf6 7. Bg5 Be7 8.
Bxf6 Bxf6 9. Qd3 Na6 10. O-O Nc5 11. Qe3 h6 12. h3 Bd7 13. Bb5 a6 14. Bxd7+ Qxd7
15. Nd5 O-O-O 16. Rad1 Qe6 17. b3 g5 18. c4 c6 19. a4 cxd5 20. exd5 Qf5 0-1

[Event "AUTO-OPEN-1368"]
[Site "http://www.queenalice.com/game.php?id=508075"]
[Date "2008.12.15"]
[Round "1"]
[White "luongo_00001"]
[Black "Peppone"]
[Result "0-1"]
[WhiteElo "1313"]
[BlackElo "1411"]

1. e4 c5 2. d4 cxd4 3. Nf3 Qb6 4. Qxd4 Nf6 5. Qxb6 axb6 6. Bb5 Nxe4 7. Nc3 Nxc3
8. bxc3 Nc6 9. O-O e6 10. Be3 Bc5 0-1